000 00647cam a2200241 a 4500
001 16972312
005 20180126094531.0
008 110922s2012 nyua 001 0 eng
010 _a 2011292189
020 _a9780470565100 (acidfree paper)
020 _a9780470917770 (acidfree paper)
040 _aDLC
_cDLC
041 _aeng
042 _apcc
080 _a611
100 1 _a7
101 _aANA
245 1 0 _aPrinciples of anatomy & physiology.
246 3 _aPrinciples of anatomy and physiology
906 _a7
_bcbc
_ccopycat
_d3
_encip
_f20
_gy-gencatlg
942 _2ddc
_cBK
999 _c41061
_d41061